00970 a2200169 45000010006000000050017000060080041000230030015000640400040000790800051001192450043001702640055002133000019002685050464002871000025007517000024007764795520260407155745.0260407a1969 arg spa dAR-UNSa-BCEJYS aAR-UNSa-BCEJYSbspacAR-UNSa-BCEJYS a336.7xMoneda. Sistema monetario. Banca. Bolsa10aIntroducción a la teoría monetaria 1aBuenos Aires :bFondo de Cultura Económicac1969 a215 p.c22 cm. a1. El dinero y proceso económico - 2. Teoría cuantitativa: Método de transacciones. Principios generales - 3. Teoría cuantitativa: Método de transacciones. Sus aplicaciones - 4. Teoría cuantitativa: Método de saldos monetarios - 5. Teorías del dinero como mercancía - 6. El punto de vista de ingresos y gastos. Principios generales - 7. El punto de vista de ingresos y gastos y el ciclo económico - 8. Objetivos de la política monetaria.1 aJiménez B., Manuel1 aChandler, Lester V.